Mais comment s'appellent-ils déjà ? 1 - Statistiques

Statistiques générales
  • Ce quiz a été pris 107 fois
  • Le résultat moyen est 10 sur 36
Statistiques - réponses
Par images Hint Réponse % Correct
J-PR Jean-Paul Rouve
84%
IN Isabelle Nanty
83%
AF Audrey Fleurot
76%
EF Elodie Fontan
63%
CK Claire Keim
62%
BM Bernard Montiel
60%
IC Ingrid Chauvin
57%
VG Véronique Genest
57%
ML Martin Lamotte
52%
TS Tomer Sisley
45%
CT Corinne Touzet
35%
LL Lucie Lucas
35%
LJ-B Lucien Jean-Baptiste
33%
HDF Hélène de Fougerolles
31%
CV Charlotte Valandrey
24%
XD Xavier Deluc
20%
FR Firmine Richard
19%
HG Hippolyte Girardot
19%
EM Edouard Montoute
12%
LG Laurent Gamelon
12%
MD Marine Delterme
12%
BY Bernard Yerlès
11%
BM Bruno Madinier
11%
IO Isabel Otero
11%
CB Claire Borotra
10%
FP Florence Pernel
10%
J-MT Jean-Michel Tinivelli
10%
SL Samuel Labarthe
8%
JS Jacques Spiesser
6%
KB Kamel Belghazi
6%
AB Arnaud Binard
4%
AW Aurélien Wiik
4%
BC Barbara Cabrita
4%
DD Diane Dassigny
3%
FS Franck Sémonin
3%
EN Elodie Navarre
2%
Aucun quiz correspondant
Distribution des résultats
% des personnes avec chaque résultat
Percentile par nombre de réponses
Votre historique - résultats
Vous n’avez pas pris ce quiz